Statistics for Top 10 Oil-Producing States

Click here to take the quiz!

General Stats

  • This quiz has been taken 99 times
  • The average score is 8 of 10

Answer Stats

Barrels in Thousands State % Correct
1,609,000Texas
99%
169,000California
90%
175,000Alaska
88%
49,000Louisiana
81%
201,000Oklahoma
78%
249,000New Mexico
75%
462,000North Dakota
74%
88,000Wyoming
71%
178,000Colorado
61%
37,000Utah
61%

Score Distribution

Percentile by Number Answered

Percent of People with Each Score

Your Score History

You have not taken this quiz